[Event "DSOL 06 Liga Gr-B 1st"]
[Site "Playchess.com INT"]
[Date "2020.06.22"]
[Round "1.4"]
[White "Heitmann, Anton"]
[Black "Koenig, Luis"]
[Result "1-0"]
[WhiteElo "1532"]
[BlackElo "1390"]
[PlyCount "26"]
[EventDate "2020.06.22"]
[EventType "team-tourn (rapid)"]
[EventCountry "GER"]
[SourceTitle "EXT 2021"]
[Source "ChessBase"]
[SourceDate "2020.10.23"]
[SourceVersion "1"]
[SourceVersionDate "2020.10.23"]
[SourceQuality "1"]
[WhiteTeam "Dresden Striesen II"]
[BlackTeam "Koeln Muelheim"]
[WhiteTeamCountry "GER"]
[BlackTeamCountry "GER"]

1. e4 e5 2. Nf3 Nc6 3. Bb5 a6 4. Ba4 Nf6 5. d3 b5 6. Bb3 Be7 7. 0-0 d6 8. Nc3 Na5 9. Re1 Nxb3 10. axb3 Bb7 11. Ne2 c5 12. Ng3 0-0 13. Bg5 h6 1-0